[Event "AUTO-ADV-2465"]
[Site "http://www.queenalice.com/game.php?id=1047032"]
[Date "2012.4.8"]
[Round "1"]
[White "Neil_Macd"]
[Black "erig1969"]
[Result "0-1"]
[WhiteElo "1756"]
[BlackElo "1963"]

1. d4 d5 2. c4 c6 3. Nc3 Nf6 4. Nf3 Bg4 5. e3 e6 6. Bd2 Bd6 7. Be2 Nbd7 8. c5
Bc7 9. Ne5 Bxe2 10. Qxe2 Nxe5 11. dxe5 Bxe5 12. O-O b6 13. e4 d4 14. Nd1 bxc5
15. f3 d3 16. Qe1 Qb8 17. Be3 c4 18. b3 Bxh2+ 19. Kh1 Nh5 20. Rf2 Bg3 21. Qd2
Bxf2 22. Nxf2 O-O 23. bxc4 Qe5 24. Ng4 Qxa1+ 25. Kh2 Rfd8 26. Ne5 Qxe5+ 27. f4
Qxe4 28. Qf2 Qxc4 29. g4 Nf6 30. Qg3 Ne4 31. Qg2 Qc2 32. Qxc2 dxc2 33. Kh3 Rd3
34. g5 Rxe3+ 35. Kg2 c1=Q 36. Kh2 Qd2+ 37. Kh1 Re1# 0-1

[Event "AUTO-ADV-2465"]
[Site "http://www.queenalice.com/game.php?id=1047047"]
[Date "2012.4.8"]
[Round "1"]
[White "Shydo"]
[Black "Neil_Macd"]
[Result "1-0"]
[WhiteElo "1746"]
[BlackElo "1773"]

1. e4 Nc6 2. Nf3 e6 3. Bb5 Nf6 4. Nc3 Be7 5. O-O O-O 6. Bxc6 d5 7. Bb5 Bd7 8. e5
Ne4 9. Bxd7 Nxc3 10. bxc3 Qxd7 11. d4 c5 12. Re1 cxd4 13. cxd4 f6 14. c3 fxe5
15. Nxe5 Qd6 16. a4 a6 17. Qg4 Bf6 18. Bf4 Qc7 19. Rac1 Rfe8 20. h3 Bxe5 21.
Rxe5 Qc6 22. Rce1 Qxc3 23. Bh6 g6 24. Rxe6 Qxe1+ 25. Rxe1 Rxe1+ 26. Kh2 Re4 27.
Qd7 1-0

[Event "AUTO-ADV-2465"]
[Site "http://www.queenalice.com/game.php?id=1047048"]
[Date "2012.4.8"]
[Round "1"]
[White "Neil_Macd"]
[Black "Shydo"]
[Result "0-1"]
[WhiteElo "1732"]
[BlackElo "1753"]

1. d4 Nf6 2. c4 d5 3. Nc3 e6 4. Nf3 Bb4 5. Bd2 O-O 6. e3 c6 7. Be2 Nbd7 8. O-O
Bxc3 9. Bxc3 Ne4 10. cxd5 cxd5 11. Bb4 Re8 12. Nd2 Ndf6 13. Nxe4 Nxe4 14. Bd3 b6
15. Qf3 f5 16. Bb5 Bd7 17. a4 a6 18. Bxd7 Qxd7 19. a5 Rab8 20. axb6 Rxb6 21. Bc3
Rc8 22. Rab1 Rbc6 23. Rbc1 Nxc3 24. bxc3 Rxc3 25. Rxc3 Rxc3 26. g3 Ra3 27. h4 g6
28. Qe2 a5 29. g4 Qf7 30. f3 Qc7 31. gxf5 exf5 32. h5 Qg3+ 33. Qg2 Qxg2+ 34.
Kxg2 a4 35. hxg6 hxg6 36. Rc1 Ra2+ 37. Kg3 Kg7 38. Kf4 Kf6 39. Rc6+ Kg7 40. e4
dxe4 41. fxe4 fxe4 42. Kxe4 Ra1 43. d5 a3 44. d6 a2 45. Ra6 Re1+ 46. Kd5 a1=Q
47. Rxa1 Rxa1 48. Ke6 g5 49. d7 Rd1 50. Ke7 g4 51. d8=Q Rxd8 52. Kxd8 g3 0-1

[Event "AUTO-ADV-2465"]
[Site "http://www.queenalice.com/game.php?id=1047059"]
[Date "2012.4.8"]
[Round "1"]
[White "Neil_Macd"]
[Black "vindaloo"]
[Result "0-1"]
[WhiteElo "1748"]
[BlackElo "1888"]

1. d4 d5 2. c4 c6 3. Nc3 e6 4. Nf3 Nf6 5. e3 dxc4 6. Bxc4 a6 7. Bd2 Be7 8. O-O
b5 9. Be2 O-O 10. e4 c5 11. d5 exd5 12. Ng5 h6 13. Nf3 dxe4 14. Ne5 Bb7 15. Be3
Nbd7 16. Ng4 Nxg4 17. Bxg4 Ne5 18. Bh3 Bd6 19. Nxe4 Bxe4 20. f3 Bg6 21. b3 Qc7
22. Rc1 Nd3 23. Rc2 Bxh2+ 24. Kh1 Rad8 25. Qe2 Rfe8 26. a3 Bg3 27. b4 c4 28. Kg1
Nf4 29. Bxf4 Bxf4 30. Qf2 Bxc2 31. Qxc2 Rd2 32. Qc3 Ree2 33. Kh1 Qd6 34. Qc1 Bg5
35. Re1 Rxe1+ 36. Qxe1 Rd1 37. Qxd1 Qxd1+ 38. Kh2 Bf4+ 39. g3 Be3 40. Bg2 c3 41.
Kh3 g5 42. g4 Qe1 43. a4 Qh4# 0-1

[Event "AUTO-ADV-2465"]
[Site "http://www.queenalice.com/game.php?id=1047060"]
[Date "2012.4.8"]
[Round "1"]
[White "vindaloo"]
[Black "Neil_Macd"]
[Result "1-0"]
[WhiteElo "1786"]
[BlackElo "1717"]

1. e4 Nc6 2. Nf3 d6 3. Bb5 Bd7 4. c3 Nf6 5. Bd3 e6 6. Bc2 Be7 7. d4 O-O 8. O-O
e5 9. d5 Na5 10. b3 c6 11. c4 cxd5 12. cxd5 b6 13. Na3 Nb7 14. Nc4 Nc5 15. Re1
Bg4 16. b4 Bh5 17. bxc5 bxc5 18. Bg5 Ng4 19. Bxe7 Qxe7 20. h3 Nf6 21. Ncd2 Bg6
22. a4 Bh5 23. a5 Nd7 24. Ba4 c4 25. Nxc4 Nc5 26. Bc6 Rab8 27. Qe2 Bg6 28. Qc2
f5 29. exf5 Bxf5 30. Qd1 Ne4 31. a6 Nc3 32. Qc1 Nb5 33. Na5 Qc7 34. Ng5 Bd7 35.
Bb7 Qb6 36. Ne6 Qxf2+ 37. Kh1 Rf7 38. Nc6 Re8 39. Ng5 Rf5 40. Ne4 Qf4 41. Qb2
Nd4 42. Nxd6 Nf3 43. g4 Nxe1 44. Rxe1 Qf3+ 45. Qg2 e4 46. Nxf5 Bxf5 47. gxf5
Qxf5 48. Re2 e3 49. Nxa7 Qb1+ 50. Kh2 Qxb7 51. axb7 Rb8 52. d6 Rd8 53. Rxe3 Rb8
54. Qd5+ Kf8 55. d7 h6 56. d8=Q+ Rxd8 57. Qxd8+ Kf7 58. b8=Q 1-0

[Event "Challenge"]
[Site "http://www.queenalice.com/game.php?id=1065449"]
[Date "2012.5.29"]
[Round "-"]
[White "Neil_Macd"]
[Black "plot24"]
[Result "1-0"]
[WhiteElo "1710"]
[BlackElo "1445"]

1. d4 d5 2. c4 e6 3. Nf3 Nf6 4. Nc3 c6 5. e3 Na6 6. Bd2 Nc7 7. Be2 Bd7 8. Ne5
dxc4 9. Nxc4 Ncd5 10. Ne5 Bd6 11. Nxd7 Qxd7 12. O-O O-O 13. e4 Nxc3 14. Bxc3
Nxe4 15. Bf3 Ng5 16. d5 Nxf3+ 17. Qxf3 exd5 18. Rfe1 Rae8 19. Rxe8 Rxe8 20. g3
Re6 21. Kg2 h5 22. Qxh5 Rh6 23. Qd1 Qh3+ 24. Kf3 Qxh2 25. Qd4 Rf6+ 26. Ke2 c5
27. Qxd5 Rxf2+ 28. Kd3 Qxg3+ 29. Kc4 Qg4+ 30. Kb5 Qd7+ 31. Kc4 b5+ 32. Kb3 c4+
33. Qxc4 bxc4+ 34. Kxc4 Qc6+ 35. Kb3 Qb5+ 36. Bb4 1-0

[Event "Challenge"]
[Site "http://www.queenalice.com/game.php?id=1088012"]
[Date "2012.7.28"]
[Round "-"]
[White "plot24"]
[Black "Neil_Macd"]
[Result "0-1"]
[WhiteElo "1451"]
[BlackElo "1704"]

1. d4 Nf6 2. c4 Nc6 3. Nc3 g6 4. e4 Bg7 5. e5 Ng4 6. Qxg4 d6 7. Qe2 Nxd4 8. Qd2
dxe5 9. Nge2 O-O 10. Nxd4 exd4 11. Ne4 Be6 12. Bd3 b6 0-1

[Event "AUTO-OPEN-2578"]
[Site "http://www.queenalice.com/game.php?id=1096596"]
[Date "2012.8.26"]
[Round "2"]
[White "Neil_Macd"]
[Black "josekasparov"]
[Result "1-0"]
[WhiteElo "1713"]
[BlackElo "2252"]

1. d4 Nf6 2. Nf3 e6 3. c4 c5 4. e3 d5 5. Nc3 Nc6 6. Bd2 Be7 7. Be2 dxc4 8. Bxc4
cxd4 9. exd4 Nxd4 10. Be3 Nxf3+ 11. Qxf3 O-O 12. O-O Qc7 13. Be2 Bd7 14. Ne4 Bc6
15. Nxf6+ Bxf6 16. Qg4 Bxb2 17. Bh6 Bxa1 18. Qxg7+ Bxg7 19. Be3 Rad8 20. Bxa7 b6
21. Bxb6 Qxb6 22. g3 Rd2 23. Re1 1-0

[Event "AUTO-OPEN-2578"]
[Site "http://www.queenalice.com/game.php?id=1096597"]
[Date "2012.8.26"]
[Round "2"]
[White "josekasparov"]
[Black "Neil_Macd"]
[Result "1-0"]
[WhiteElo "2255"]
[BlackElo "1715"]

1. d4 Nf6 2. c4 c6 3. Nc3 e6 4. e4 Bb4 5. Bd3 d5 6. e5 Ne4 7. Ne2 Nd7 8. O-O
Nxc3 9. bxc3 Be7 10. f4 Nb6 11. c5 Nc4 12. Ng3 O-O 13. f5 exf5 14. Bxf5 Bxf5 15.
Nxf5 f6 16. Qg4 a5 17. Qxg7# 1-0

[Event "AUTO-OPEN-2578"]
[Site "http://www.queenalice.com/game.php?id=1096598"]
[Date "2012.8.26"]
[Round "2"]
[White "Neil_Macd"]
[Black "HelderNanques"]
[Result "0-1"]
[WhiteElo "1743"]
[BlackElo "2090"]

1. d4 Nf6 2. c4 c5 3. Nf3 cxd4 4. Nxd4 Nc6 5. e3 g6 6. Bd2 Bg7 7. Nc3 O-O 8. Be2
d6 9. O-O Bd7 10. Nxc6 Bxc6 11. Bf3 Qc7 12. Bxc6 bxc6 13. f3 Rfd8 14. Qe2 Rab8
15. b3 e6 16. e4 Ne8 17. Be3 Bxc3 18. Rac1 Bg7 19. Bf4 Qb6+ 20. Kh1 Rb7 21. a3
Qxb3 22. Bg5 f6 23. Rb1 Qxb1 24. h3 fxg5 25. Rxb1 Rxb1+ 26. Kh2 Be5+ 27. g3 Rdb8
28. Qe3 R8b2+ 0-1

[Event "AUTO-OPEN-2578"]
[Site "http://www.queenalice.com/game.php?id=1096599"]
[Date "2012.8.26"]
[Round "2"]
[White "HelderNanques"]
[Black "Neil_Macd"]
[Result "1-0"]
[WhiteElo "2114"]
[BlackElo "1741"]

1. Nf3 Nc6 2. d4 e6 3. Bf4 d6 4. e3 Nf6 5. h3 Be7 6. c4 Bd7 7. Be2 d5 8. O-O O-O
9. Nc3 dxc4 10. Bxc4 Bd6 11. Bxd6 cxd6 12. Qe2 e5 13. dxe5 dxe5 14. Rfd1 e4 15.
Nd4 Ne5 16. Bb3 Qc8 17. Kh2 Qc7 18. Kg1 Ng6 19. Rac1 Qe5 20. Rd2 Bc6 21. Rcd1
Nh4 22. Nxc6 Qg5 23. Ne7+ Kh8 24. g3 Nf3+ 25. Kg2 Nxd2 26. Rxd2 Rad8 27. Ned5 b5
28. Qxb5 Qf5 29. Qe2 a5 30. g4 Qg5 31. Nxf6 gxf6 32. Nxe4 Qg6 33. Ng3 Rxd2 34.
Qxd2 f5 35. Nxf5 Qc6+ 36. Bd5 Rd8 37. Qd4+ Kg8 38. Qg7# 1-0

[Event "AUTO-OPEN-2846"]
[Site "http://www.queenalice.com/game.php?id=1123417"]
[Date "2012.11.18"]
[Round "1"]
[White "Neil_Macd"]
[Black "souzafell"]
[Result "1-0"]
[WhiteElo "1745"]
[BlackElo "1477"]

1. d4 Nf6 2. c4 e5 3. Nc3 exd4 4. Nb5 Bc5 5. e3 dxe3 6. Bxe3 Bxe3 7. fxe3 O-O 8.
Nf3 Re8 9. Qe2 Na6 10. Qf2 Ng4 11. Qh4 Rxe3+ 12. Be2 Qe8 13. Nfd4 d6 14. O-O 1-0

[Event "AUTO-OPEN-2846"]
[Site "http://www.queenalice.com/game.php?id=1123418"]
[Date "2012.11.18"]
[Round "1"]
[White "souzafell"]
[Black "Neil_Macd"]
[Result "0-1"]
[WhiteElo "1500"]
[BlackElo "1739"]

1. e4 Nc6 2. d4 e6 3. c4 Bb4+ 4. Nc3 d6 5. Ne2 Nf6 6. Bg5 e5 7. d5 Qd7 8. dxc6
Qxc6 9. Bxf6 gxf6 10. Qd3 Be6 11. b3 O-O-O 12. O-O-O Ba3+ 13. Kb1 d5 0-1

[Event "AUTO-OPEN-2846"]
[Site "http://www.queenalice.com/game.php?id=1123419"]
[Date "2012.11.18"]
[Round "1"]
[White "Neil_Macd"]
[Black "TITAN10"]
[Result "0-1"]
[WhiteElo "1769"]
[BlackElo "1903"]

1. d4 Nf6 2. c4 e6 3. Nc3 Bb4 4. Bd2 c5 5. dxc5 Bxc5 6. Nf3 O-O 7. e3 Nc6 8. Be2
a6 9. O-O Re8 10. Ng5 d5 11. Na4 Ba7 12. b3 h6 13. Nf3 e5 14. c5 d4 15. exd4
exd4 16. Nb6 Bxb6 17. cxb6 d3 18. Bxd3 Qxd3 19. Re1 Bg4 20. Be3 Qxd1 21. Raxd1
Rad8 22. Rxd8 Rxd8 23. a4 Bxf3 24. gxf3 Rd3 25. b4 Nxb4 26. f4 Ng4 27. Bc1 Nc6
28. f5 Rd7 29. Re8+ Kh7 30. Bb2 Re7 31. Rxe7 Nxe7 32. f3 Ne3 33. f6 gxf6 34.
Bxf6 N7d5 35. Bd4 Nf5 36. Bc5 Kg6 37. Kf2 Kg5 38. h3 h5 39. h4+ Nxh4 40. Kg3
Nf5+ 41. Kh3 Kf4 42. Kg2 Nde3+ 43. Kf2 Nc4 44. a5 Nh4 45. Ke2 Nxf3 46. Bb4 h4
47. Kf1 Kg3 48. Bc3 h3 49. Bb4 h2 50. Ke2 h1=Q 51. Kd3 Qf1+ 52. Ke4 Qe2+ 53. Kf5
Qe5# 0-1

[Event "AUTO-OPEN-2846"]
[Site "http://www.queenalice.com/game.php?id=1123420"]
[Date "2012.11.18"]
[Round "1"]
[White "TITAN10"]
[Black "Neil_Macd"]
[Result "0-1"]
[WhiteElo "1991"]
[BlackElo "1747"]

1. e4 Nc6 2. Nf3 d6 3. d4 e5 4. Bb5 Bd7 5. dxe5 dxe5 6. O-O Nf6 7. Bg5 Be7 8.
Re1 O-O 9. c3 Ng4 10. Bxe7 Qxe7 11. h3 Nf6 12. c4 Rad8 13. Qb3 Nd4 14. Nxd4 exd4
15. Bxd7 Nxd7 16. Qxb7 Nc5 17. Qb4 Rb8 18. Qa3 Qe5 19. Nd2 d3 20. Re3 a6 21. b4
Qxa1+ 22. Kh2 Qd4 23. bxc5 f5 24. Rxd3 Qe5+ 25. g3 fxe4 26. Rd5 Rxf2+ 27. Kg1
Qf6 28. Qc1 Re2 29. Qf1 Qxf1+ 30. Kxf1 Re3 31. Kf2 Ra3 32. Nxe4 Rf8+ 33. Kg2
Rxa2+ 34. Kg1 Rf3 35. Rd8+ Rf8 36. Rd1 Re8 37. Nc3 Rc2 38. Nd5 Ree2 39. Nf4 Red2
40. Re1 g5 41. Nd5 Rg2+ 42. Kh1 Rh2+ 0-1

[Event "AUTO-OPEN-2846"]
[Site "http://www.queenalice.com/game.php?id=1123421"]
[Date "2012.11.18"]
[Round "1"]
[White "Neil_Macd"]
[Black "pomar"]
[Result "0-1"]
[WhiteElo "1773"]
[BlackElo "2062"]

1. d4 e6 2. Nf3 d5 3. c4 a6 4. Nc3 Bb4 5. Bd2 dxc4 6. e3 Bxc3 7. Bxc3 b5 8. Bb4
Nc6 9. a3 Nxb4 10. axb4 Nf6 11. Be2 Qd6 12. O-O Qxb4 13. Ne5 Qxb2 14. Bf3 Rb8
15. Bc6+ Ke7 16. Rb1 Qa3 17. Nxc4 Qc3 18. Ne5 Qa5 19. Ra1 Qb6 20. Bf3 Bb7 21.
Bxb7 Rxb7 22. Qb3 Ne4 23. Qb4+ Nd6 24. d5 exd5 25. Qh4+ Ke8 26. Qh3 c5 27. Rfd1
d4 28. Nd3 a5 29. Ne5 Nc4 30. Nxc4 bxc4 31. Qc8+ Ke7 32. Qxh8 c3 33. Qxh7 g6 34.
Qh4+ Kf8 35. g3 c2 36. Rdc1 d3 37. Qh8+ Ke7 38. Qe5+ Kd8 39. Qd5+ Rd7 40. Qa8+
Kc7 41. Qe4 Qb2 42. Qc4 Kb6 43. Qa2 Qxa2 44. Rxa2 d2 45. Raxc2 dxc1=Q+ 46. Rxc1
a4 47. h4 a3 48. f4 Rd2 49. Re1 a2 50. e4 Rb2 51. f5 gxf5 52. h5 Rb1 0-1

[Event "AUTO-OPEN-2846"]
[Site "http://www.queenalice.com/game.php?id=1123422"]
[Date "2012.11.18"]
[Round "1"]
[White "pomar"]
[Black "Neil_Macd"]
[Result "1-0"]
[WhiteElo "2065"]
[BlackElo "1750"]

1. f3 e5 2. Kf2 Nf6 3. e3 Be7 4. c4 Nc6 5. d4 O-O 6. d5 Nb4 7. a3 Na6 8. Nc3 c6
9. e4 d6 10. b4 Nh5 11. g3 Nf6 12. Be3 Nc7 13. Bh3 Bxh3 14. Nxh3 cxd5 15. Nxd5
Nfxd5 16. cxd5 Ne8 17. Qd2 Nf6 18. Rhc1 b6 19. Rc6 Rc8 20. Rac1 Nh5 21. Rxc8 Qd7
22. Rxf8+ Bxf8 23. Kg2 Nf6 24. Rc6 h6 25. Qc1 Nh5 26. Rc7 Qb5 27. Rxa7 Qe2+ 28.
Nf2 Qb5 29. Qc7 Nf6 30. Qxf7+ Kh8 31. Qxf8+ Ng8 32. Qxg7# 1-0

[Event "Challenge"]
[Site "http://www.queenalice.com/game.php?id=1139049"]
[Date "2013.1.10"]
[Round "-"]
[White "dejami"]
[Black "Neil_Macd"]
[Result "1-0"]
[WhiteElo "1653"]
[BlackElo "1758"]

1. c3 Nc6 2. Nf3 Nf6 3. b4 d6 4. d4 e6 5. Nfd2 Be7 6. e4 Bd7 7. f3 e5 8. d5 Nd4
9. cxd4 O-O 10. Nb3 c5 11. dxe5 dxe5 12. d6 Bxd6 13. Qxd6 b6 14. Qxe5 Re8 15.
Qf4 Be6 16. N3d2 Qd4 17. Nb3 Qxb4+ 18. Bd2 Qa4 19. e5 Qxf4 20. Bxf4 Nd5 21. Bc1
Ne3 22. Bxe3 c4 23. Nd4 a6 24. f4 b5 25. Nc3 b4 26. Ne4 c3 27. Rb1 a5 28. Ra1 a4
29. a3 b3 30. Nxc3 Rec8 31. Kd2 b2 32. Rb1 Rcb8 33. Nxe6 fxe6 34. Bc4 Kf7 35.
Ne4 Ra7 36. Bxa7 h6 37. Bxb8 1-0

[Event "Challenge"]
[Site "http://www.queenalice.com/game.php?id=1169519"]
[Date "2013.4.8"]
[Round "-"]
[White "dejami"]
[Black "Neil_Macd"]
[Result "0-1"]
[WhiteElo "1644"]
[BlackElo "1738"]

1. e4 Nc6 2. d4 d6 3. a3 e6 4. c3 Nf6 5. Bg5 Be7 6. f3 O-O 7. Nh3 d5 8. Bxf6
Bxf6 9. e5 Be7 10. f4 Bd7 11. Bd3 a6 12. Qf3 f6 13. Bc2 fxe5 14. O-O exd4 15.
Qd3 e5 16. fxe5 Nxe5 17. Qxd4 Rxf1+ 18. Kxf1 Bb5+ 19. Kg1 Bf6 20. Qf4 Nc4 21. a4
Bc6 22. b3 Nb6 23. Qf5 g6 24. Qe6+ Kg7 25. Nd2 Bxc3 26. Rd1 d4 27. Nf4 Qg5 28.
g3 Nd5 29. Kf2 Nxf4 30. gxf4 Qxf4+ 31. Ke2 Re8 32. Qxe8 Bxe8 33. Nc4 Qxh2+ 34.
Kd3 g5 35. Rc1 Bg6# 0-1

[Event "Challenge"]
[Site "http://www.queenalice.com/game.php?id=1209159"]
[Date "2013.8.18"]
[Round "-"]
[White "snebur1956"]
[Black "Neil_Macd"]
[Result "1-0"]
[WhiteElo "2356"]
[BlackElo "1750"]

1. e4 Nc6 2. Nf3 d6 3. d4 e6 4. c3 Nf6 5. Bd3 Bd7 6. O-O Be7 7. Re1 O-O 8. e5
dxe5 9. dxe5 Ng4 10. h3 Ngxe5 11. Nxe5 Nxe5 12. Rxe5 Bd6 13. Re1 Bc6 14. Qh5
Bh2+ 15. Kxh2 Qxd3 16. Be3 1-0

[Event "Challenge"]
[Site "http://www.queenalice.com/game.php?id=1209160"]
[Date "2013.8.18"]
[Round "-"]
[White "Neil_Macd"]
[Black "snebur1956"]
[Result "0-1"]
[WhiteElo "1748"]
[BlackElo "2357"]

1. d4 Nf6 2. c4 g6 3. Nc3 d5 4. e3 Bg7 5. Nf3 O-O 6. Bd2 c6 7. Be2 dxc4 8. Bxc4
Bg4 9. Be2 Nbd7 10. O-O c5 11. e4 Bxf3 12. Bxf3 cxd4 13. Nd5 Nxd5 14. exd5 Ne5
0-1

[Event "Let's Play Chess!"]
[Site "http://www.queenalice.com/game.php?id=1243758"]
[Date "2013.12.29"]
[Round "-"]
[White "Neil_Macd"]
[Black "Ihlleandiz"]
[Result "1-0"]
[WhiteElo "1754"]
[BlackElo "1756"]

1. d4 d5 2. c4 e5 3. Nc3 dxc4 4. Nf3 exd4 5. Nxd4 a6 6. Bd2 Qxd4 7. e3 Qc5 8.
Be2 Nf6 9. O-O b5 10. Bf3 c6 11. e4 Qa7 12. Be3 Qc7 13. e5 Nfd7 14. e6 fxe6 15.
Ne2 Ne5 16. Ng3 Nd3 17. Ne4 Be7 18. Ng5 O-O 19. Bg4 e5 20. Ne6 1-0

[Event "Let's Play Chess!"]
[Site "http://www.queenalice.com/game.php?id=1243759"]
[Date "2013.12.29"]
[Round "-"]
[White "Ihlleandiz"]
[Black "Neil_Macd"]
[Result "0-1"]
[WhiteElo "1773"]
[BlackElo "1737"]

1. e4 Nc6 2. d4 Nf6 3. e5 Nd5 4. c4 Nb6 5. Nc3 e6 6. f4 d6 7. Nf3 d5 8. c5 Nc4
9. b3 N4a5 10. Bd3 Be7 11. O-O Bd7 12. Be3 b6 13. cxb6 cxb6 14. Qc2 Nb4 15. Qe2
Nxd3 16. Qxd3 O-O 17. g4 Bh4 18. Ne2 Nc6 19. g5 Bxg5 0-1